| Поле | Инд. | ПП | Название | Значение |
|---|---|---|---|---|
| Тип записи | a | |||
| Библиографический уровень | m | |||
| 001 | Контрольный номер | a6f54a4c-fa68-41d2-a554-89a8ee82e110 | ||
| 005 | Дата корректировки | 20140703145710.8 | ||
| 008 | Кодируемые данные | 060912 | ||
| 020 | a | ISBN | 5-09-014934-8 | |
| c | Цена, тираж | 64.00 | ||
| 040 | a | Служба первич. каталог. | НБ ТвГУ | |
| 041 | a | Код языка текста | rus | |
| 080 | a | Индекс УДК | 373.3.016:7 | |
| 084 | a | Индекс другой классификации/Индекс ББК | Ч426.85 | |
| 090 | x | Авторский знак | М54 | |
| a | Полочн. индекс | Ч426.85 | ||
| 245 | 10 | a | Заглавие | Методическое пособие к учебникам по изобразительному искусству под редакцией Б. М. Неменского |
| b | Продолж. заглавия | 1-4 кл. | ||
| c | Ответственность | [Б. М. Неменский и др. ; под науч. рук. и ред. Б. М. Неменского] | ||
| 250 | a | Основные сведения об издании | 2-е изд. | |
| 260 | 0_ | a | Место издания | Москва |
| b | Издательство | Просвещение | ||
| c | Дата издания | 2006 | ||
| 300 | a | Объем | 189, [2] с. | |
| 583 | a | Действие | Получение впервые 337 12.09.2006 | |
| k | Исполнитель действия | ООО "Кроун" | ||
| 650 | a | Основная рубрика | Изобразительное искусство | |
| x | Основная подрубрика | Методика преподавания в начальной школе | ||
| 653 | a | Ключевые слова | Изобразительное искусство в школе | |
| a | Ключевые слова | Преподавание изобразительного искусства | ||
| a | Ключевые слова | Начальная школа | ||
| a | Ключевые слова | Рисование в школе | ||
| a | Ключевые слова | Методика | ||
| 700 | 1_ | a | Другие авторы | Неменский Борис Михайлович |
| e | Роль лиц | авт., ред., науч. рук. | ||
| 700 | 1_ | a | Другие авторы | Неменская Лариса Александровна |
| e | Роль лиц | авт. | ||
| 700 | 1_ | a | Другие авторы | Коротеева Елена Ивановна |
| e | Роль лиц | авт. | ||
| 852 | t | Порядковый номер экземпляра | 19 | |
| p | Инвентарный номер | 849858 | ||
| p | Инвентарный номер | 849859 | ||
| p | Инвентарный номер | 849861 | ||
| p | Инвентарный номер | 849862 | ||
| p | Инвентарный номер | 849863 | ||
| p | Инвентарный номер | 849864 | ||
| p | Инвентарный номер | 849865 | ||
| p | Инвентарный номер | 849866 | ||
| p | Инвентарный номер | 849867 | ||
| p | Инвентарный номер | 849868 | ||
| p | Инвентарный номер | 849869 | ||
| p | Инвентарный номер | 849870 | ||
| p | Инвентарный номер | 849871 | ||
| p | Инвентарный номер | 849872 | ||
| p | Инвентарный номер | 849873 | ||
| p | Инвентарный номер | 849874 | ||
| p | Инвентарный номер | 849875 | ||
| p | Инвентарный номер | 849876 | ||
| p | Инвентарный номер | 849877 | ||
| 888 | a | За счет средств университета | ||
| 930 | a | Новая/Ретро | методика | |
| 952 | p | 337.2006 64.00 1 849858 | ||
| p | 337.2006 64.00 1 849859 | |||
| p | 337.2006 64.00 1 849860 | |||
| p | 337.2006 64.00 1 849861 | |||
| p | 337.2006 64.00 1 849862 | |||
| p | 337.2006 64.00 1 849863 | |||
| p | 337.2006 64.00 1 849864 | |||
| p | 337.2006 64.00 1 849865 | |||
| p | 337.2006 64.00 1 849866 | |||
| p | 337.2006 64.00 1 849867 | |||
| p | 337.2006 64.00 1 849868 | |||
| p | 337.2006 64.00 1 849869 | |||
| p | 337.2006 64.00 1 849870 | |||
| p | 337.2006 64.00 1 849871 | |||
| p | 337.2006 64.00 1 849872 | |||
| p | 337.2006 64.00 1 849873 | |||
| p | 337.2006 64.00 1 849874 | |||
| p | 337.2006 64.00 1 849875 | |||
| p | 337.2006 64.00 1 849876 | |||
| p | 337.2006 64.00 1 849877 | |||
| c | Вид литературы | К ру | ||
| 954 | a | Дата поступления на обработку | 20060913 | |
| 999 | a | Подразделение 2 | Фил2 |